| 000 -LEADER |
| fixed length control field |
01626nam a22001577a 4500 |
| 008 - FIXED-LENGTH DATA ELEMENTS--GENERAL INFORMATION |
| fixed length control field |
200911b ||||| |||| 00| 0 eng d |
| 100 ## - MAIN ENTRY--PERSONAL NAME |
| Personal name |
Coen, David and Vannoni, Matia |
| 245 ## - TITLE STATEMENT |
| Title |
Where are the revolving doors in Brussels: sector switching and career progression in EU business–government affairs |
| 260 ## - PUBLICATION, DISTRIBUTION, ETC. (IMPRINT) |
| Place of publication, distribution, etc |
The American Review of Public Administration |
| 300 ## - PHYSICAL DESCRIPTION |
| Extent |
50(1), Jan 2020. p. 3-17 |
| 520 ## - SUMMARY, ETC. |
| Summary, etc |
By applying event history analysis to a unique large sample of more than 300 government affairs managers working for companies active in the European Union (EU), this article investigates whether managers with work experience in the public or nonprofit sector are more likely to progress in their career in their current company and whether career progression depends on when that experience takes place. The findings suggest that managers with experience in the public and nonprofit sector are less likely to progress in their careers. This effect becomes stronger when the stage of the career at which the manager had experience in the public sector is taken into consideration. These findings are contrary to the expectations from the public and private management literature and suggest that we should see less revolving door activity in Brussels. We propose that these findings are driven by the distinct EU public policy process and the variance in individual and organizational incentives in the EU public sector. - Reproduced
|
| 650 ## - SUBJECT ADDED ENTRY--TOPICAL TERM |
| Topical term or geographic name as entry element |
Career, Government Affairs, Lobbying |
| 9 (RLIN) |
17645 |
| 773 ## - HOST ITEM ENTRY |
| Main entry heading |
The American Review of Public Administration |
| 906 ## - LOCAL DATA ELEMENT F, LDF (RLIN) |
| Subject DIP |
EUROPEAN UNION |
| 942 ## - ADDED ENTRY ELEMENTS (KOHA) |
| Item type |
Articles |